| 000 | 00554 aa a2200193 a 4500 | ||
|---|---|---|---|
| 003 | OSt | ||
| 005 | 20240226131423.0 | ||
| 008 | 180213t pk ||||g |||| 00| 1 urd d | ||
| 040 | _c0 | ||
| 082 |
_a891.4393 _bHAJ |
||
| 100 | 0 |
_aحجازی،نسيم _947098 |
|
| 245 |
_aاندھیری رات کے مُسافر _cNaseem Hajazi |
||
| 246 | _aAndheri raat ka musafer | ||
| 260 |
_aلاہور _bجہانگیربک ڈپو _c[n.d] |
||
| 300 | _a496 p. | ||
| 650 |
_aUrdu literature _99606 |
||
| 650 |
_aNoval _9107828 |
||
| 942 |
_2ddc _cBK _aSADA _k891.4393 HAJ |
||
| 999 |
_c608201 _d608201 |
||